00948nam a2200277Ia 4500001001000000003000500010008004100015010001100056040000900067082001600076100002900092245007800121260006000199300001000259650003300269650003700302710004500339901001600384902000600400905006300406910000900469942000900478942001200487999001900499952015200518Para_2234CHAP220125s1994 xx 000 0 und d a200817 cCHAP aPA 634.6 P5 aPloetz R.C., ed.9165668 aCompendium of tropical fruit diseases /c ed. by R.C. Ploetz...[et. al.] aSt. Paul, Minn. :b American Phytopathological Society a88 p. aFruta x enfermedades943611 aFruticultura x tropicos 943755 aAmerican Phytopathological Society95265 aPA 634.6 P5 aA a0000001994 a 0000000000 00 a1994 cPARA cPARAd1 c200817d200817 00102ddc4051708GRALaPAbPAd2005-10-27i(PA_7943) (No. UACh C/E)l0oPA 634.6 P5p4102003481r2022-01-25 00:00:00tEj.1w2022-01-25yLIBROz3